Catalog

Record Details

Catalog Search



Mom rage : the everyday crisis of modern ... Read More

Dubin, Minna,(author.).

Available copies

  • 2 of 2 copies available at LARL/NWRL Consortium.
  • 1 of 1 copy available at Lake Agassiz Regional Library. (Show preferred library)

Current holds

0 current holds with 2 total copies.

Show Only Available Copies
Location Call Number / Copy Notes Barcode Shelving Location Status Due Date
Moorhead Public Library 306.8743 DUB (Text) 33500013874979 Main Available -
Hallock Public Library 306.8743 DUB (Text) 35500006718934 Main Available -

Record details

  • ISBN: 9781541601307
  • ISBN: 1541601300
  • Physical Description: vii, 245 pages ; 25 cm
  • Edition: First edition.
  • Publisher: New York, NY : Seal Press, [2023]

Content descriptions

Bibliography, etc. Note:
Includes bibliographical references and index.
Formatted Contents Note:
Prologue -- House of mom rage -- Who cares for the ... Read More
Summary, etc.:
"Mothers aren't supposed to be angry. Still, Minna ... Read More
Subject: Motherhood > Social aspects.
Mothers > Social conditions.
Mothers > Conduct of life.
Mothers > Psychology.
LDR 03643cam a22004338i 4500
001421160
003LARL_NWRL_CONSORTIUM
00520230922173059.0
008230223t20232023nyu e b 001 0 eng
010 . ‡a 2022059121
040 . ‡aDLC ‡beng ‡erda ‡cDLC ‡dOCLCF ‡dZDX ‡dIFK ‡dLJW ‡dOCO ‡dOI6 ‡dVP@ ‡dUAP ‡dIL2
020 . ‡a9781541601307 ‡q(hardcover)
020 . ‡a1541601300 ‡q(hardcover)
020 . ‡z9781541601314 ‡q(ebook)
035 . ‡a(OCoLC)1357532682
042 . ‡apcc
08200. ‡a306.874/3 ‡223/eng/20230327
1001 . ‡aDubin, Minna, ‡eauthor.
24510. ‡aMom rage : ‡bthe everyday crisis of modern motherhood / ‡cMinna Dubin.
250 . ‡aFirst edition.
264 1. ‡aNew York, NY : ‡bSeal Press, ‡c[2023]
264 4. ‡c©2023
300 . ‡avii, 245 pages ; ‡c25 cm
336 . ‡atext ‡btxt ‡2rdacontent
337 . ‡aunmediated ‡bn ‡2rdamedia
338 . ‡avolume ‡bnc ‡2rdacarrier
504 . ‡aIncludes bibliographical references and index.
5050 . ‡aPrologue -- House of mom rage -- Who cares for the caregiver? -- Matrescence and the gaslighting of mothers -- Mom rage cycle -- Invite your rage to tea -- Rescue your partner from enemy territory -- Better policy? Yes, AND... -- Beyond the nucelar family -- Acknowledgments -- Appendix -- References -- Index.
520 . ‡a"Mothers aren't supposed to be angry. Still, Minna Dubin was an angry mom: exhausted by hard, thankless full-time parenting work and feeling her career slip away from her, she would find herself screaming at her child or exploding in anger at her husband. Despite the pressure she felt to suffer in silence, Minna chose to talk publicly about her experiences, kicking off an international conversation about a rage that, it turns out, nearly every mother has experienced. Mom Rage is Dubin's groundbreaking work of reportage on the national crisis of mother rage - what it is, where it comes from, and how we can all learn to work through it. As Dubin reveals, mom rage is a global phenomenon, but it's particularly acute in the United States, where mothers are expected to manage physical care, education, and emotional support for their children; household and administrative labor for their families; and their own careers, all with little to no institutional support. Adding insult to injury, mothers' struggles go largely unacknowledged and unvalidated, making them feel like their rage is a personal failure caused by being a "bad mom." This sense of guilt is only exacerbated by the intense public scrutiny that mothers (especially poor mothers and mothers of color) are subject to. Dubin assures these readers that they're not alone. She shares her personal story of understanding and eventually overcoming her rage, and includes interviews from women experiencing mom rage across the spectrum of race, gender, sexual orientation, and class. She then breaks down the research on rage, emotional intelligence, anger management, and motherhood to give women accessible tools to alleviate their burden and issue a call for broader social reforms. Mom Rage is a no-holds-barred excavation of the national crisis of mother rage and a call for women to let go of their internalized shame and guilt, resist the patriarchy, and reclaim their lives"-- ‡cProvided by publisher.
650 0. ‡aMotherhood ‡xSocial aspects.
650 0. ‡aMothers ‡xSocial conditions.
650 0. ‡aMothers ‡xConduct of life. ‡0(LARL_NWRL_CONSORTIUM)173490
650 0. ‡aMothers ‡xPsychology. ‡0(LARL_NWRL_CONSORTIUM)166114
901 . ‡a421160 ‡bOCoLC ‡c421160 ‡tbiblio ‡soclc

Additional Resources